Tratados: El Héroe, El Discreto; Oráculo manual

Salvato in:
Dettagli Bibliografici
Autore principale: Gracian, Baltasar
Natura: Libro
Lingua:Undetermined
Pubblicazione: Buenos Aires, Argentina Sopena 1939
Soggetti:
Tags: Aggiungi Tag
Nessun Tag, puoi essere il primo ad aggiungerne!!

MARC

LEADER 00000nam a2200000Ia 4500
008 170316s9999 xx 000 0 und d
040 |a cru BVZT 
090 |a 862 G-40t 
100 |a Gracian, Baltasar 
245 |a Tratados: El Héroe, El Discreto; Oráculo manual 
260 |a Buenos Aires, Argentina 
260 |b Sopena 
260 |c 1939 
300 |a 172 páginas 
650 |a LITERATURA ESPAÑOLA 
650 |a ESCRITOS 
999 |c 9941  |d 9941 
942 |c 15 D  |h 862 G-40t  |2 z